000
00297nam a2200097Ia 4500
008
201210s9999 xx 000 0 und d
100
_a
Wagner, Harvey M.
245
0
_a
Principle of Operations Research with applications to managerial decisions
260
_a
New Delhi
_b
Prenrice Hall
_c
1982
942
_c
BK
999
_c
5288
_d
5288